Gaming Quiz

Random Gaming or Color Quiz

Video Game Character Rainbow Quiz Stats

 Plays Quiz Updated May 10, 2016

Challenge
Share
Tweet
Score 0/24 Timer 05:00
1 Play Today
% Correct
PAC-MAN
97.3%
Sonic the Hedgehog
96.8%
Red
93.1%
Pikachu
91.5%
Link
89.4%
Crash Bandicoot
83.5%
Waluigi
80.9%
Mega Man
80.1%
Spyro the Dragon
76.7%
Samus Aran
71.6%
Fox McCloud
71.2%
Captain Falcon
59.9%
% Correct
Ratchet
58.5%
Meat Boy
54.6%
Medium Invader
52.1%
Kazooie
41%
Sly Cooper
38.3%
King K. Rool
33.1%
Reptile
32.5%
Blanka
31.2%
Aerith Gainsborough
25.4%
Gray Fox
11.3%
Nina Williams
10.9%
Wonder-Red
8.2%

You're not logged in!

Compare scores with friends on all Sporcle quizzes.
OR
Log In

You Might Also Like...

Show Comments

Extras

Top Quizzes Today


Score Distribution

Your Account Isn't Verified!

In order to create a playlist on Sporcle, you need to verify the email address you used during registration. Go to your Sporcle Settings to finish the process.

Report this User

Report this user for behavior that violates our Community Guidelines.

Details: